[Event "BL2-Nord 0203"]
[Site "Germany"]
[Date "2003.01.12"]
[Round "4.5"]
[White "Asendorf, Joachim"]
[Black "Studeny, Steffen"]
[Result "1/2-1/2"]
[WhiteElo "2280"]
[BlackElo "2262"]
[PlyCount "121"]
[EventDate "2002.10.20"]
[EventType "team-tourn"]
[EventRounds "9"]
[EventCountry "GER"]
[SourceTitle "EXT 2004"]
[Source "ChessBase"]
[SourceDate "2003.11.25"]
[SourceVersion "1"]
[SourceVersionDate "2003.11.25"]
[SourceQuality "1"]
[WhiteTeam "Werder Bremen II"]
[BlackTeam "Magdeburg USC"]
[WhiteTeamCountry "GER"]
[BlackTeamCountry "GER"]

1. c4 f5 2. g3 Nf6 3. Bg2 g6 4. Nc3 Bg7 5. d3 0-0 6. e4 d6 7. Nge2 e5 8. exf5 gxf5 9. 0-0 c6 10. Bg5 Na6 11. Qd2 Be6 12. b3 Qe8 13. f4 Qg6 14. Rae1 Rac8 15. a3 Nc7 16. b4 Nd7 17. Kh1 Kh8 18. Rf2 Bg8 19. fxe5 dxe5 20. Be3 a6 21. Ref1 Be6 22. a4 Nf6 23. h3 Nh5 24. Rf3 Rcd8 25. Qc2 Kg8 26. Bb6 Rd7 27. b5 cxb5 28. axb5 axb5 29. Bxc7 Rxc7 30. Nxb5 Rd7 31. Kh2 Rfd8 32. Re3 Qg5 33. Rff3 Bf7 34. h4 Qg6 35. Bh3 Be6 36. d4 exd4 37. Rxe6 Qxe6 38. Bxf5 d3 39. Bxe6+ Kh8 40. Rxd3 Rxd3 41. Bg4 Nxg3 42. Kg1 Rd2 43. Qxd2 Rxd2 44. Nxg3 Be5 45. Ne4 Rc2 46. Ned6 Bxd6 47. Nxd6 b6 48. Bf5 Rb2 49. Be4 Kg7 50. Bc6 Kg6 51. Be8+ Kf6 52. Bb5 Ke5 53. Nc8 Kf4 54. Nxb6 Kg3 55. Kf1 Kxh4 56. Nd7 Kg3 57. Bc6 h5 58. Nc5 h4 59. Ne4+ Kf4 60. Nf2 Rc2 61. Bd5 1/2-1/2

[Event "Bundesliga 0001"]
[Site "Germany"]
[Date "2001.04.29"]
[Round "15.8"]
[White "Studeny, Steffen"]
[Black "Reeh, Oliver"]
[Result "1/2-1/2"]
[WhiteElo "2271"]
[BlackElo "2420"]
[PlyCount "43"]
[EventDate "2000.10.14"]
[EventType "team-tourn"]
[EventRounds "15"]
[EventCountry "GER"]
[SourceTitle "CBM 082 Extra"]
[Source "ChessBase"]
[SourceDate "2001.07.03"]
[SourceVersion "1"]
[SourceVersionDate "2001.07.03"]
[SourceQuality "1"]
[WhiteTeam "Magdeburg USC"]
[BlackTeam "Hamburger SK"]
[WhiteTeamCountry "GER"]
[BlackTeamCountry "GER"]

1. d4 Nf6 2. Nf3 e6 3. c4 Bb4+ 4. Bd2 Qe7 5. Nc3 Bxc3 6. Bxc3 Ne4 7. Qc2 Nxc3 8. Qxc3 d6 9. g3 0-0 10. Bg2 Re8 11. 0-0 e5 12. dxe5 dxe5 13. Ne1 c6 14. Nc2 Nd7 15. Rfd1 Nf6 16. h3 h5 17. Ne3 e4 18. Qd4 c5 19. Qd6 Qxd6 20. Rxd6 Be6 21. Rad1 Rab8 22. b3 1/2-1/2

[Event "Bundesliga 0001"]
[Site "Germany"]
[Date "2001.04.01"]
[Round "13.8"]
[White "Muranyi, Karl Jasmin"]
[Black "Studeny, Steffen"]
[Result "1/2-1/2"]
[WhiteElo "2297"]
[BlackElo "2271"]
[PlyCount "83"]
[EventDate "2000.10.14"]
[EventType "team-tourn"]
[EventRounds "15"]
[EventCountry "GER"]
[SourceTitle "CBM 082 Extra"]
[Source "ChessBase"]
[SourceDate "2001.07.03"]
[SourceVersion "1"]
[SourceVersionDate "2001.07.03"]
[SourceQuality "1"]
[WhiteTeam "Schott Mainz"]
[BlackTeam "Magdeburg USC"]
[WhiteTeamCountry "GER"]
[BlackTeamCountry "GER"]

1. d4 f5 2. g4 fxg4 3. h3 g3 4. fxg3 d5 5. Nc3 Nf6 6. Bg2 c5 7. e4 dxe4 8. dxc5 Qxd1+ 9. Kxd1 Na6 10. c6 bxc6 11. Nxe4 Bd7 12. Bd2 g6 13. Nxf6+ exf6 14. Nf3 Bd6 15. g4 0-0 16. Nd4 Rac8 17. Re1 Nb4 18. a3 Nd5 19. Bxd5+ cxd5 20. Bb4 Bg3 21. Bxf8 Bxe1 22. Kxe1 Kxf8 23. Kd2 Ke7 24. Rf1 Rh8 25. Rg1 Kd6 26. c3 h5 27. gxh5 g5 28. Rf1 Ke7 29. h4 gxh4 30. Ke3 Rxh5 31. Rh1 h3 32. Nf3 Kd6 33. Kf4 Bf5 34. Rh2 Be4 35. Nd4 Kc5 36. Kg4 Rg5+ 37. Kxh3 Rh5+ 38. Kg3 Rxh2 39. Kxh2 Kc4 40. Kg3 Kd3 41. Kf4 Bg6 42. Nc6 1/2-1/2

[Event "Bundesliga 0001"]
[Site "Germany"]
[Date "2001.03.31"]
[Round "12.8"]
[White "Studeny, Steffen"]
[Black "Balzar, Andreas"]
[Result "1/2-1/2"]
[WhiteElo "2271"]
[BlackElo "2346"]
[PlyCount "83"]
[EventDate "2000.10.14"]
[EventType "team-tourn"]
[EventRounds "15"]
[EventCountry "GER"]
[SourceTitle "CBM 082 Extra"]
[Source "ChessBase"]
[SourceDate "2001.07.03"]
[SourceVersion "1"]
[SourceVersionDate "2001.07.03"]
[SourceQuality "1"]
[WhiteTeam "Magdeburg USC"]
[BlackTeam "Baiertal/Schatthausen"]
[WhiteTeamCountry "GER"]
[BlackTeamCountry "GER"]

1. d4 d5 2. Nf3 Nf6 3. c4 c6 4. e3 e6 5. Bd3 Nbd7 6. 0-0 Ne4 7. Nbd2 f5 8. Ne5 Nxe5 9. dxe5 Be7 10. Qe2 0-0 11. Bc2 Qc7 12. f4 Bd7 13. Nf3 b5 14. cxb5 cxb5 15. Bxe4 dxe4 16. Nd4 Qb6 17. b3 Rfc8 18. Bb2 a5 19. a3 b4 20. a4 Qa6 21. Qxa6 Rxa6 22. Rfd1 Ra7 23. Rac1 Rac7 24. Rxc7 Rxc7 25. Rc1 Bd8 26. Rxc7 Bxc7 27. Kf2 Kf7 28. Ke2 Ke7 29. Nc2 Bc6 30. Bd4 Bd5 31. Bc5+ Kd7 32. Nd4 Bd8 33. Kd2 Kc7 34. g3 g5 35. Ke2 gxf4 36. gxf4 Kd7 37. Kf2 Ke8 38. Kg2 Kf7 39. Kh3 Kg6 40. Kg3 Kh5 41. Kg2 Kg4 42. h3+ 1/2-1/2

[Event "Oberliga Ost-A 9900"]
[Site "Germany"]
[Date "1999.12.12"]
[Round "4.2"]
[White "Spiess, Gunter"]
[Black "Studeny, Steffen"]
[Result "1/2-1/2"]
[WhiteElo "2396"]
[BlackElo "2272"]
[PlyCount "53"]
[EventDate "1999.10.??"]
[EventType "team"]
[EventRounds "11"]
[EventCountry "GER"]
[SourceTitle "EXT 2002"]
[Source "ChessBase"]
[SourceDate "2001.11.25"]
[SourceVersion "1"]
[SourceVersionDate "2001.11.25"]
[SourceQuality "1"]

1. d4 f5 2. g3 Nf6 3. Bg2 d5 4. Nf3 e6 5. b3 c6 6. 0-0 Ne4 7. c4 Nd7 8. Qc2 Be7 9. Nbd2 0-0 10. Bb2 Bd6 11. Ne5 Qe7 12. Ndf3 Ndf6 13. Nd3 b6 14. Rac1 Bb7 15. c5 bxc5 16. dxc5 Bc7 17. Nfe5 Nd7 18. b4 Nxe5 19. Bxe5 Ba6 20. Qb2 Rab8 21. Rfe1 Bb5 22. Qd4 Bxe5 23. Nxe5 Nf6 24. Rc3 Nd7 25. Nxd7 Qxd7 26. e4 e5 27. Qxe5 1/2-1/2

[Event "Bundesliga 9899"]
[Site "Germany"]
[Date "1999.01.09"]
[Round "7.8"]
[White "Studeny, Steffen"]
[Black "Sievers, Stefan"]
[Result "0-1"]
[WhiteElo "2285"]
[BlackElo "2340"]
[PlyCount "92"]
[EventDate "1998.10.17"]
[EventType "team-tourn"]
[EventRounds "15"]
[EventCountry "GER"]
[SourceTitle "GER-chT"]
[Source "ChessBase"]
[SourceDate "1999.07.01"]
[SourceVersion "1"]
[SourceVersionDate "1999.07.01"]
[SourceQuality "1"]
[WhiteTeam "Magdeburg USC"]
[BlackTeam "Hamburger SK"]
[WhiteTeamCountry "GER"]
[BlackTeamCountry "GER"]

1. d4 Nf6 2. c4 c5 3. d5 b5 4. a4 bxc4 5. Nc3 e6 6. e4 exd5 7. exd5 d6 8. Bxc4 Be7 9. Nge2 0-0 10. 0-0 Re8 11. Ng3 Bf8 12. h3 Nbd7 13. Bf4 Rb8 14. b3 Ne5 15. Bxe5 Rxe5 16. Qd2 Rb7 17. f4 Re8 18. Rae1 Rbe7 19. Rxe7 Rxe7 20. Re1 g6 21. Rxe7 Qxe7 22. Qe2 Qd8 23. Nge4 Bg7 24. Nxf6+ Bxf6 25. Ne4 Bd4+ 26. Kh2 Bf5 27. Ng3 Bd7 28. Qf3 Qa5 29. Qe2 Qd8 30. Qf3 Kf8 31. Qe2 Qh4 32. Qf3 g5 33. Ne2 gxf4 34. Nxf4 Be5 35. g3 Bxf4 36. Qxf4 Qxf4 37. gxf4 Bf5 38. Kg3 Kg7 39. h4 Kf6 40. a5 Bc2 41. Kg4 Bd1+ 42. Kg3 h6 43. a6 Kg6 44. Bd3+ Kg7 45. Bc4 Kf6 46. Kf2 Kf5 0-1

[Event "Oberliga Ost A 9798"]
[Site "Germany"]
[Date "1998.??.??"]
[Round "?.2"]
[White "Studeny, Steffen"]
[Black "Peters, Andreas"]
[Result "1-0"]
[WhiteElo "2235"]
[BlackElo "2300"]
[PlyCount "59"]
[EventDate "1997.09.??"]
[EventType "team"]
[EventRounds "11"]
[EventCountry "GER"]
[SourceTitle "EXT 1999"]
[Source "ChessBase"]
[SourceDate "1998.11.16"]
[SourceVersion "1"]
[SourceVersionDate "1998.11.16"]
[SourceQuality "1"]

1. d4 Nf6 2. c4 g6 3. Nc3 d5 4. Nf3 Bg7 5. Bg5 Ne4 6. Bf4 Nxc3 7. bxc3 c6 8. e3 0-0 9. Be2 Qa5 10. Qb3 Nd7 11. 0-0 b6 12. Qb4 Qxb4 13. cxb4 dxc4 14. Bxc4 Bb7 15. Rac1 a5 16. b5 Rac8 17. Bg5 e6 18. bxc6 Bxc6 19. Ba6 Ra8 20. Rxc6 Rxa6 21. a4 h6 22. Bh4 g5 23. Bg3 Rd8 24. h3 Raa8 25. Rfc1 Bf6 26. R1c2 Kg7 27. Kf1 Re8 28. Rc7 Rad8 29. Rb7 e5 30. Rcc7 1-0

[Event "Oberliga Ost A 9798"]
[Site "Germany"]
[Date "1998.??.??"]
[Round "?.2"]
[White "Studeny, Steffen"]
[Black "Poenisch, Egmont"]
[Result "1/2-1/2"]
[WhiteElo "2235"]
[BlackElo "2175"]
[PlyCount "138"]
[EventDate "1997.09.??"]
[EventType "team"]
[EventRounds "11"]
[EventCountry "GER"]
[SourceTitle "EXT 1999"]
[Source "ChessBase"]
[SourceDate "1998.11.16"]
[SourceVersion "1"]
[SourceVersionDate "1998.11.16"]
[SourceQuality "1"]

1. d4 g6 2. c4 Bg7 3. Nc3 d6 4. Nf3 Nd7 5. g3 e5 6. Bg2 Ne7 7. 0-0 0-0 8. dxe5 dxe5 9. Ne1 h6 10. Nc2 f5 11. b3 e4 12. Bb2 Nc5 13. Qc1 c6 14. Qe3 Ne6 15. Rad1 Qe8 16. Na4 Qf7 17. Bxg7 Qxg7 18. Nd4 Ng5 19. Qf4 Nf7 20. Qc7 Qe5 21. Qxe5 Nxe5 22. Nc2 Kf7 23. Rd6 Ng8 24. f3 Ke7 25. Rd4 g5 26. Rfd1 Nf6 27. Rf1 b6 28. fxe4 c5 29. exf5 Rb8 30. Rd2 Bd7 31. Nc3 Rbe8 32. Nd5+ Nxd5 33. Rxd5 Ng4 34. h3 Nf6 35. Rd2 Kd8 36. Re1 Kc7 37. e4 Re5 38. Ne3 Bc6 39. Nd5+ Bxd5 40. cxd5 Kd6 41. Kf2 Rd8 42. Re3 Re7 43. Bf3 Ke5 44. Re1 Rd6 45. Ke3 h5 46. Rh1 a5 47. Rb2 Ra7 48. Rc1 Ra8 49. Bg2 Ra7 50. Rc4 Ra8 51. a3 Nd7 52. Rc1 Nf6 53. Kd3 Ra7 54. Kc4 Nd7 55. Rf1 Nf6 56. Rc2 Ra8 57. Kb5 Rd7 58. Rfc1 Ne8 59. Kc4 h4 60. g4 Nd6+ 61. Kd3 Rf7 62. Rb1 Raa7 63. Ke3 Rf8 64. Rbb2 Rff7 65. Kd3 Rf8 66. Rf2 Rf6 67. Rfc2 Rf8 68. Ke3 Rff7 69. Kd3 Rf8 1/2-1/2

[Event "Oberliga Ost A 9798"]
[Site "Germany"]
[Date "1997.??.??"]
[Round "?.2"]
[White "Studeny, Steffen"]
[Black "Stettler, Michael"]
[Result "1/2-1/2"]
[WhiteElo "2235"]
[BlackElo "2330"]
[PlyCount "71"]
[EventDate "1997.09.??"]
[EventType "team"]
[EventRounds "11"]
[EventCountry "GER"]
[SourceTitle "EXT 1999"]
[Source "ChessBase"]
[SourceDate "1998.11.16"]
[SourceVersion "1"]
[SourceVersionDate "1998.11.16"]
[SourceQuality "1"]

1. d4 Nf6 2. c4 e6 3. Nf3 c5 4. Nc3 cxd4 5. Nxd4 Nc6 6. e3 d5 7. cxd5 exd5 8. Be2 Bd6 9. 0-0 0-0 10. Bf3 Be5 11. g3 Bh3 12. Re1 Qd7 13. Bh1 Rad8 14. Nce2 Rfe8 15. Bd2 Ne4 16. f3 Nxd2 17. Qxd2 Bc7 18. Nc2 Bf5 19. Ned4 Bxc2 20. Nxc2 h5 21. Rad1 Qe7 22. a3 Qf6 23. b3 Bb6 24. Kf1 d4 25. exd4 Rxe1+ 26. Qxe1 Nxd4 27. Nxd4 Bxd4 28. Qe2 Qc6 29. Bg2 Re8 30. Qc4 Qxc4+ 31. bxc4 Bc5 32. a4 b6 33. f4 Re3 34. Rd7 a5 35. Bd5 Re7 36. Rxe7 1/2-1/2

[Event "Oberliga Ost-A 9596"]
[Site "Germany"]
[Date "1996.??.??"]
[Round "?"]
[White "Studeny, Steffen"]
[Black "Sikorsky, Horst"]
[Result "1/2-1/2"]
[WhiteElo "2210"]
[BlackElo "2190"]
[PlyCount "37"]
[EventDate "1995.10.??"]
[EventType "team"]
[EventRounds "9"]
[EventCountry "GER"]
[SourceTitle "EXT 1998"]
[Source "ChessBase"]
[SourceDate "1997.11.17"]
[SourceVersion "1"]
[SourceVersionDate "1997.11.17"]
[SourceQuality "1"]

1. d4 Nf6 2. c4 g6 3. Nc3 Bg7 4. e4 d6 5. Be2 0-0 6. Bg5 h6 7. Be3 e5 8. d5 Nbd7 9. Qd2 Kh7 10. 0-0-0 Nxe4 11. Nxe4 f5 12. Nc3 f4 13. h4 fxe3 14. Qxe3 Qf6 15. Nh3 Nc5 16. Ng5+ Kg8 17. Nge4 Nxe4 18. Nxe4 Qf4 19. Qxf4 1/2-1/2

[Event "BL2-Ost 9596"]
[Site "Germany"]
[Date "1995.??.??"]
[Round "?.8"]
[White "Borriss, Claudia"]
[Black "Studeny, Steffen"]
[Result "0-1"]
[WhiteElo "2095"]
[BlackElo "2210"]
[PlyCount "100"]
[EventDate "1995.10.??"]
[EventType "team-tourn"]
[EventRounds "9"]
[EventCountry "GER"]
[SourceTitle "GER-chT2"]
[Source "ChessBase"]
[SourceDate "1999.07.01"]
[SourceVersion "1"]
[SourceVersionDate "1999.07.01"]
[SourceQuality "1"]
[WhiteTeam "Halle"]
[BlackTeam "Anhalt"]
[WhiteTeamCountry "GER"]
[BlackTeamCountry "GER"]

1. d4 g6 2. c4 Bg7 3. Nf3 f5 4. Nc3 Nf6 5. g3 0-0 6. Bg2 d6 7. 0-0 Nc6 8. d5 Ne5 9. Nxe5 dxe5 10. e4 Ng4 11. h3 Nh6 12. f4 exf4 13. Bxf4 fxe4 14. Bxh6 Bxh6 15. Rxf8+ Qxf8 16. Nxe4 Qg7 17. Qe2 Qe5 18. Re1 Bf5 19. Qf2 Rf8 20. Nc3 Qd6 21. Nb5 Qb4 22. Qe2 Qc5+ 23. Kh1 a6 24. Nc3 Rf7 25. g4 Bc8 26. Ne4 Qd4 27. Rf1 Rxf1+ 28. Bxf1 e6 29. dxe6 Qe5 30. g5 Bg7 31. Nf6+ Bxf6 32. gxf6 Qxe2 33. Bxe2 Bxe6 34. b3 Kf7 35. Bf3 c6 36. Kg2 Kxf6 37. Kg3 Ke5 38. h4 h6 39. Bd1 Bf5 40. Kf3 Kd4 41. Kf4 Bb1 42. a3 a5 43. Bg4 Bc2 44. Bc8 b6 45. Bd7 c5 46. Be8 g5+ 47. hxg5 hxg5+ 48. Kxg5 Bxb3 49. Kf5 Bxc4 50. a4 Bb3 0-1

[Event "Oberliga Ost-A 9394"]
[Site "Germany"]
[Date "1994.??.??"]
[Round "?"]
[White "Bergmann, Andy"]
[Black "Studeny, Steffen"]
[Result "1/2-1/2"]
[WhiteElo "2160"]
[BlackElo "2185"]
[PlyCount "79"]
[EventDate "1993.10.??"]
[EventType "team"]
[EventRounds "9"]
[EventCountry "GER"]
[SourceTitle "GER"]
[Source "ChessBase"]
[SourceDate "1999.07.01"]
[SourceVersion "1"]
[SourceVersionDate "1999.07.01"]
[SourceQuality "1"]

1. d4 f5 2. e4 fxe4 3. Nc3 Nf6 4. Bg5 e6 5. Nxe4 Be7 6. Bxf6 Bxf6 7. Nf3 d5 8. Nxf6+ Qxf6 9. Bd3 0-0 10. 0-0 c5 11. c3 cxd4 12. cxd4 Nc6 13. Rc1 Bd7 14. Bb5 a6 15. Bxc6 Bxc6 16. Qd2 Qf4 17. Qxf4 Rxf4 18. Rfe1 Re8 19. Re3 h6 20. g3 Re4 21. Rcc3 Kh7 22. Kf1 Rxe3 23. Rxe3 g5 24. Ne5 Bb5+ 25. Ke1 Rc8 26. Kd2 Kg7 27. b3 b6 28. f3 h5 29. Re1 Be8 30. h3 Bb5 31. Rh1 Be8 32. h4 Bg6 33. Nxg6 Kxg6 34. hxg5 Kxg5 35. Re1 Kf6 36. Rh1 Rg8 37. Rh3 Kg6 38. Ke3 Rc8 39. Rh2 Kg5 40. Kd3 1/2-1/2

[Event "Sala op"]
[Site "Sala"]
[Date "1994.??.??"]
[Round "8"]
[White "Ruckschloss, Karol"]
[Black "Studeny, Steffen"]
[Result "1/2-1/2"]
[WhiteElo "2320"]
[BlackElo "2185"]
[PlyCount "56"]
[EventDate "1994.??.??"]
[EventType "swiss"]
[EventRounds "9"]
[EventCountry "SVK"]
[SourceTitle "EXT 1997"]
[Source "ChessBase"]
[SourceDate "1996.11.15"]
[SourceVersion "1"]
[SourceVersionDate "1996.11.15"]
[SourceQuality "1"]

1. c4 f5 2. d4 Nf6 3. Nc3 e6 4. Nf3 d5 5. a3 Be7 6. e3 0-0 7. b4 Ne4 8. Qb3 Nxc3 9. Qxc3 Nd7 10. Ne5 Nxe5 11. dxe5 c6 12. Be2 a5 13. b5 cxb5 14. cxd5 b6 15. 0-0 Bb7 16. Qd2 Rc8 17. Bb2 Bc5 18. Bd4 Qe7 19. Rfc1 Rc7 20. Bb2 Qf7 21. f4 Rfc8 22. Kh1 Bf8 23. Rxc7 Qxc7 24. Rc1 Bc5 25. Bd4 Qe7 26. h3 Bxd4 27. Rxc8+ Bxc8 28. Qxd4 Qc7 1/2-1/2

[Event "Sala op"]
[Site "Sala"]
[Date "1994.??.??"]
[Round "9"]
[White "Studeny, Steffen"]
[Black "Bednar, Jaromir"]
[Result "1/2-1/2"]
[WhiteElo "2185"]
[BlackElo "2180"]
[PlyCount "30"]
[EventDate "1994.??.??"]
[EventType "swiss"]
[EventRounds "9"]
[EventCountry "SVK"]
[SourceTitle "EXT 1997"]
[Source "ChessBase"]
[SourceDate "1996.11.15"]
[SourceVersion "1"]
[SourceVersionDate "1996.11.15"]
[SourceQuality "1"]

1. d4 Nf6 2. c4 g6 3. Nc3 Bg7 4. e4 d6 5. f4 c5 6. d5 e6 7. Nf3 exd5 8. exd5 0-0 9. Be2 Bd7 10. 0-0 h6 11. Bd3 Nh7 12. f5 g5 13. h4 g4 14. Nh2 h5 15. g3 Be5 1/2-1/2